1679 1726 1164 1616 1587 1892 1214 1924 1696 1522 1828 1238 1607 1162 1729 1648 1610 1966 1719 1726 1808 1896 1289 1664 1569 1111 1719 1244 1195 1788 1982 1332 1810 1367 1881 1834 1710 1710 1548 1985 1558 1513 1446 1603 1163 1566 1826 1737 1197 1163 1196 1765 1726 1906 1848 1390 1988 1684 1661 1075 1677 1970 1540 1138 1811 1815 1299 1914 1053 1299 1710 1307 1594 1131 1277 1078 1849 1458 1755 1126 1899 1572 1520 1224 1305 1475 1213 1713 1774 1060 1051 1006 1187 1288 1061 1507 1355 1158 1565 BCNSPRNW ULIB Ver.6.0+V

เปลี่ยนเป็นภาษาไทย

Change to English
 แสดงรายละเอียดบรรณานุกรม
  กลับหน้าหลัก

Brief Record : Get Marc (ISO 2709) : E-mail record : QR code < ปิดหน้าต่าง
LEADER : 00000nam 2200000uu 4500
001    13399120601
003     ULIB
008    120928s2550||||th 000 0 tha d
020    ^a9749245407
060 04 ^aWY150^bร765ค 2550
099    ^aเรณู อาจสาลี
245 10 ^aคำศัพท์การพยาบาลผู้ใหญ่ /^cเรณู อาจสาลี
250    ^aพิมพ์ครั้งที่ 3
260    ^aกรุงเทพฯ :^bคณะพยาบาลศาสตร์ มหาวิทยาลัยมหิดล,^c2550
300    ^a187 หน้า
650  7 ^aการพยาบาลผู้ใหญ่^xคำศัพท์
710 2  ^aมหาวิทยาลัยมหิดล^bคณะพยาบาลศาสตร์
945    ^p55^l0^i14964
995    ^a วิภา
999 ^a ใช้งานได้ทุกระบบ
รายการนี้ยังไม่มีแท็ก
คุณยังไม่ได้ล็อกอิน คุณสามารถมีกิจกรรมร่วมกับเว็บไซต์ได้ แต่ต้องล็อกอินก่อน ::
  ล็อกอิน

รายการสื่อสารสนเทศ

ลำดับที่ ประเภท เลขเรียก/บาร์โค้ด สถานที่ สถานะ
1. วิทยาศาสตร์การแพทย์ และสุขภาพ
วิทยาศาสตร์การแพทย์ และสุขภาพ
เรณู อาจสาลี WY150 ร765ค 2550  
  Barcode: 14964
ห้องสมุดวิทยาเขตสวรรค์ประชารักษ์
►ส่วนจัดเก็บหนังสือเก่า สปร
บนชั้น
  ขอยืม

BibComment


ยังไม่เคยถูกคอมเมนท์

คอมเมนท์ทรัพยากรรายการนี้
  คอมเมนท์: คำศัพท์การพยาบาล..


 Copyright 2026. Bcnsprnw @Library